[Event "Amber-rapid 09th"]
[Site "Monte Carlo"]
[Date "2000.03.27"]
[Round "10"]
[White "Topalov, Veselin"]
[Black "Lautier, Joel"]
[Result "1-0"]
[WhiteElo "2702"]
[BlackElo "2632"]
[Annotator "Tsesarsky,I"]
[PlyCount "49"]
[EventDate "2000.03.16"]
[EventType "tourn (rapid)"]
[EventRounds "11"]
[EventCountry "MNC"]
[EventCategory "18"]
[SourceTitle "CBM 076"]
[Source "ChessBase"]
[SourceDate "2000.05.31"]
[SourceVersion "1"]
[SourceVersionDate "2000.05.31"]
[SourceQuality "1"]

{[%mdl 128]} 1. d4 d5 2. c4 e6 3. Nf3 c6 4. Qc2 dxc4 5. Qxc4 Nf6 6. Bg5 Be7 (
6... h6 7. Bxf6 Qxf6 8. e4 Nd7 9. Nc3 a5 10. Be2 Qd8 11. O-O Be7 12. Rad1 $14 {
1-0 Krasenkow,M-Volkov,S/Polish TV KO, Swidnica POL 1997 (49)}) (6... b5 7. Qc2
Bb7 (7... Be7 8. e4 O-O 9. Bd3 $14) 8. Bxf6 (8. Nbd2 Nbd7 9. e3 Rc8 10. a4 a6
11. Be2 c5 12. axb5 axb5 13. d5 exd5 14. Bxb5 Qb6 15. Ba4 $14 {1-0 Ibragimov,
I-Zhu Chen/Pulvermuele GER 2000/The Week in Chess 272 (51)}) (8. e4 Nbd7 9.
Nbd2 h6 10. Bxf6 Qxf6 11. e5 Qd8 12. Bd3 Qb6 13. a4 a6 14. O-O Be7 15. Be4 $14
{1-0 Grooten,H-Van der Werf,M/Rotterdam NED 2000/The Week in Chess 278 (63)})
8... gxf6 (8... Qxf6 9. Nbd2 Nd7 10. e3 a6 11. a4 Bb4 12. Bd3 $14) 9. e3 (9. e4
$5 Rg8 10. Nc3 $14) 9... Nd7 10. Nbd2 $14) (6... Qb6 7. Nbd2 $1 Qxb2 8. Rb1 Qa3
9. e4 b6 (9... Be7 10. Qc2 O-O 11. Nc4 $16) 10. Qc2 Ba6 (10... Bb4 11. Bd3 $36)
11. Bc4 $1 $14 {1-0 Sakaev,K-Tregubov,P/ch-RUS, St Petersburg RUS 1998 (29).})
7. Nbd2 (7. e3 O-O (7... b6 8. Nc3 (8. Qc2 Bb7 9. Nc3 (9. Bd3 Nbd7 10. Nc3 h6
11. Bh4 O-O 12. O-O-O $132 {0-1 Prudnikova,S-Stepovaia Dianchenko,T/Belgrade
YUG 2000 (28)}) 9... Nbd7 10. Rd1 Rc8 11. Be2 Nd5 12. Bxe7 Qxe7 $14 {1/2-1/2
Shchekachev,A-Poluljahov,A/Moscow RUS 1999 (46)}) 8... Ba6 9. Qa4 Bxf1 10. Rxf1
O-O 11. Bxf6 Bxf6 12. Ke2 (12. O-O-O b5 13. Qc2 Na6 14. Kb1 Nb4 15. Qe2 Qa5 16.
Nd2 Be7 17. f4 Nd5 18. Rc1 $132 {1/2-1/2 Poluljahov,A-Beshukov,S/Krasnodar RUS
1999 (39)}) 12... c5 13. Rfd1 cxd4 14. Ne4 e5 15. exd4 exd4 16. Nxf6+ Qxf6 17.
Qxd4 $11 {1/2-1/2 Atalik,S-Krasenkow,M/Elista RUS 1998 (19)}) (7... Nbd7 8. Bd3
Qa5+ 9. Nbd2 O-O 10. O-O e5 11. Nb3 Qc7 12. Qc2 h6 13. Bh4 exd4 14. Nbxd4 Nd5
15. Bxe7 Nxe7 16. b4 Nf6 $132 {1-0 Campos Moreno,J-Trabert,B/Paretana ESP 2000
(41)}) 8. Be2 (8. Bd3 h6 (8... Na6 9. O-O c5 10. dxc5 Nxc5 11. Bxf6 gxf6 12.
Bc2 f5 13. Rd1 Qc7 14. Nc3 a5 15. e4 fxe4 16. Nxe4 b5 17. Qe2 $16 {[%csl Rg8]
1-0 Khenkin,I-Tregubov,P/Koszalin POL 1999 (34)}) (8... Nbd7 9. O-O h6 10. Bh4
$14) 9. Bxf6 (9. Bh4 $5 $14) 9... Bxf6 10. Nc3 Nd7 11. Rd1 Qe7 (11... Qa5 12.
O-O Rd8 13. b4 Qh5 14. Ne4 Be7 $14) 12. Bb1 e5 (12... g6 13. O-O Bg7 $11) 13.
O-O (13. d5 $5) 13... exd4 14. exd4 Nb6 15. Qd3 g6 16. Rfe1 Qb4 17. Qd2 Bg7 (
17... Nc4 $4 18. Qxh6 Nxb2 (18... Bg7 19. Qh4 Nxb2 20. Ng5 Rd8 21. Nxf7 $1 $18)
19. Bxg6 fxg6 20. Ng5 {1-0 Kramnik,V-Lautier,J/Tilburg NED 1998 (24)} (20.
Qxg6+ $2 Bg7 21. Ng5 Bf5 $19)) 18. a3 (18. Ne5 $5) 18... Qd6 19. Ne4 Qc7 $132)
8... Qa5+ 9. Nc3 Nbd7 10. O-O e5 11. Ne4 exd4 12. Qxd4 Qb6 $11 {1/2-1/2
Ivanchuk,V-Anand,V/Las Palmas 1996/CBM 57/ (29)}) (7. Nc3 O-O 8. e4 h6 9. Bh4
Qb6 10. Rb1 $14) 7... b6 8. e4 $14 Ba6 9. Qc2 Bxf1 10. Rxf1 $6 $11 {This move
is connected with plan 0-0-0 and than activity on the K side} ({After} 10. Nxf1
{Black can't equalize this position} O-O 11. Ng3 (11. Rd1 $14) (11. N1d2 $5 $14
) 11... c5 12. dxc5 bxc5 13. O-O {[%csl Rc5]} Nfd7 (13... Nc6 14. Rfd1 Nd7 15.
Bf4 $14) 14. Bxe7 (14. Bf4 Nc6 15. Rfd1 $14) 14... Qxe7 15. e5 $14 {1/2-1/2
Delchev,A-Pavasovic,D/Batumi 1999/CBM 74/(59) (20)}) 10... h6 11. Bxf6 Bxf6 12.
O-O-O O-O 13. Kb1 Qc8 (13... Qc7 {[%cal Gc7h2]} 14. e5 Be7 15. Ne4 Na6 $11 {
[%cal Gc6c5]}) 14. e5 Be7 15. Ne4 Na6 16. Qd2 Rd8 $4 $18 ({Right was only} 
16... c5 $1 {with equal chances, for example:} 17. g4 $1 (17. d5 $2 exd5 18.
Qxd5 Qg4 $1 19. Ng3 (19. h3 Qg6 $17 {[%csl Rd5,Re4,Rg2][%cal Gg6b1,Ga6b4]} (
19... Qxg2 $2 20. Nfg5 $1 {[%csl Rg2][%cal Ge4f6,Gd5g2]} Qxf1 21. Rxf1 $16))
19... Nb4 20. Qe4 Qe6 21. a3 Qa2+ 22. Kc1 Rac8 (22... Qa1+ 23. Qb1 Qxb1+ 24.
Kxb1 Nc6 25. Rd7 $14) 23. Nf5 Rfe8 24. Rd7 Nc6 25. Qg4 Bg5+ 26. Nxg5 Nxe5 (
26... Qa1+ 27. Kc2 Nd4+ 28. Kc3 Nb5+ 29. Kb3 $1 $18) 27. Qe4 hxg5 $19) (17.
dxc5 $5 Nxc5 18. Nxc5 (18. Nd6 Qc6 19. Qf4 (19. Rc1 Bxd6 20. exd6 Rfd8 21. Rfd1
Qe4+ 22. Ka1 Nb7 $17) 19... f6 20. Rd2 fxe5 21. Qxe5 Rad8 22. Rfd1 Qa4 {
[%csl Rd1][%cal Ge7d6,Ga4d1]} 23. Qe1 Bxd6 24. Rxd6 Rxd6 25. Rxd6 Qg4 $132)
18... Qxc5 19. Rc1 Qb5 20. Rfd1 Rac8 $11) 17... cxd4 (17... Qc6 18. Qe2 Qa4 19.
g5 hxg5 20. Nfxg5 g6 21. Rg1 cxd4 22. Nxe6 $1 $16) 18. g5 Qc6 19. Qe2 Nc5 20.
Rxd4 (20. Nf6+ gxf6 21. gxf6 Bxf6 (21... Bd8 22. Rg1+ Kh8 (22... Kh7 23. Ng5+
$18) 23. Qd2 Qe4+ 24. Ka1 Qh7 25. Rg7 $18) 22. exf6 Qe4+ 23. Qxe4 Nxe4 24. Rg1+
Kh8 25. Rxd4 Nxf6 $15) 20... Nxe4 21. Rxe4 Bxg5 22. Nxg5 hxg5 23. Rg1 Rac8 24.
Reg4 g6 25. Rxg5 Qc4 $11) 17. g4 $1 c5 {Too late!} 18. g5 h5 (18... hxg5 19.
Nfxg5 Rxd4 20. Qe2 Bxg5 21. Nxg5 {[%cal Ge2h5]} g6 22. h4 $1 (22. Qf3 Qf8 $44)
22... Rxh4 (22... Nb4 23. h5 Qc6 24. hxg6 fxg6 25. a3 Rxd1+ 26. Rxd1 Nd5 27.
Qe4 Qe8 28. Qh4 $18) 23. Qf3 Qf8 24. Nxf7 Rb8 25. Rd7 $18) 19. Nf6+ $1 Kf8 (
19... Kh8 20. g6 (20. Nxh5 $6 $16) 20... Bxf6 (20... fxg6 21. Qg5 Bxf6 (21...
Qb7 22. Qxg6 Bxf6 23. exf6 gxf6 24. Qxf6+ Qg7 25. Qxe6 Nc7 26. Qe5 $18) 22.
exf6 Qb7 23. Qxg6 gxf6 24. Qxf6+ Qg7 25. Qxe6 $18) 21. exf6 $18 {[%csl Rh8]}) (
19... gxf6 20. gxf6 Kf8 (20... Bxf6 21. exf6 $18) 21. Qh6+ Ke8 22. fxe7 Kxe7
23. Qf6+ Ke8 24. Rg1 $18) 20. g6 $1 {It is impossible to defend position of
Black...} fxg6 (20... Qc6 21. Qf4 gxf6 (21... fxg6 22. d5 exd5 23. Nxd5+ Ke8
24. Nxe7 Kxe7 (24... Rxd1+ 25. Rxd1 Kxe7 26. Rd6 $18) 25. Rd6 $18) 22. exf6
Bxf6 23. Ne5 $1 $18) 21. Qf4 gxf6 22. exf6 Bd6 (22... Rd5 23. Qh6+ Ke8 24.
Qxg6+ Kd8 25. Qf7 $18) 23. Qh6+ Ke8 24. Ne5 Rd7 (24... Bxe5 25. dxe5 $18) 25.
dxc5 1-0

[Event "Amber-rapid 09th"]
[Site "Monte Carlo"]
[Date "2000.03.28"]
[Round "11"]
[White "Ljubojevic, Ljubomir"]
[Black "Topalov, Veselin"]
[Result "1-0"]
[WhiteElo "2559"]
[BlackElo "2702"]
[Annotator "Lutz,C"]
[PlyCount "95"]
[EventDate "2000.03.16"]
[EventType "tourn (rapid)"]
[EventRounds "11"]
[EventCountry "MNC"]
[EventCategory "18"]
[SourceTitle "CBM 076"]
[Source "ChessBase"]
[SourceDate "2000.05.31"]
[SourceVersion "1"]
[SourceVersionDate "2000.05.31"]
[SourceQuality "1"]

1. d4 d5 2. Nf3 Nf6 3. c4 e6 4. Nc3 c6 5. e3 Nbd7 6. Qc2 Bd6 7. Be2 O-O 8. O-O
dxc4 9. Bxc4 b5 10. Be2 Bb7 11. Bd2 (11. a3) (11. Rd1) 11... a6 12. Ne4 Nxe4
13. Qxe4 Rb8 (13... Qb6 14. Bd3 g6 15. Qh4 Qd8 16. Qh6 Be7 17. Rfd1 c5 18. dxc5
Bxf3 19. gxf3 Bg5 20. Qh3 Nxc5 21. Bb4 Qb6 22. Bc3 Nxd3 23. Rxd3 Rfd8 24. Rxd8+
Rxd8 25. Qg3 Be7 26. Qe5 f6 27. Qe4 Kf7 28. Rc1 Rc8 29. Kg2 Rc4 30. Bd4 Qc7 31.
Rxc4 Qxc4 32. Qb7 b4 {1/2-1/2 Stangl,M-Dreev,A/Arnhem 1989/TD (32)}) 14. Qg4
$146 (14. Qh4 Qxh4 15. Nxh4 c5 $11 {1/2-1/2 Portisch,L-Ivanchuk,V/Linares 1989/
CBM 11 (15)}) 14... Qe7 15. Rfd1 c5 16. dxc5 Nxc5 17. Bc3 f6 18. Bb4 Rbc8 19.
Nd4 f5 20. Qh3 Rf6 21. g3 Rh6 22. Qf1 Rf8 $2 {Angesichts seiner drohenden
Läufer dachte Topalov anscheinend, dass die Zeit reif sei, alle Kräfte auf den
weißen König zu stürzen. Aber nach wenigen Zügen wird klar, dass Schwarz sich
verrannt hat und seine Figuren (insbesondere der Rh6) falsch stehen. Dabei
hatte Topalov durchaus eine Möglichkeit, am Königsflügel aktiv zu werden.} (
22... Qh4 $5 23. Qg2 (23. gxh4 Rg6+ 24. Qg2 Rxg2+ 25. Kf1 Rxh2 $17) 23... Bxg2
24. gxh4 Bh3 25. Nf3 (25. h5 e5) 25... Be7 26. Rac1 Rg6+ 27. Ng5 Bxg5 28. hxg5
Rxg5+ 29. Kh1 Bg2+ 30. Kg1 Bh3+ (30... Bb7+ 31. Kf1 Nd7 32. Rxc8+ Bxc8 33. Rc1
Bb7 34. f4 Rg2 35. Rc7 $18) 31. Kh1 Bg2+ $11) 23. Bf3 Bxf3 24. Nxf3 {Ohne den
drohenden Läufer auf der langen Diagonale ist die schwarze Initiative nicht
viel wert.} Ne4 $2 {Damit überspannt Schwarz den Bogen.} (24... e5 $5 25. Rd5
e4 26. Nd4 Nb7 $11) 25. Bxd6 Nxd6 26. Ne5 Ne4 27. Rac1 $16 {Was macht der
schwarze Turm auf h6 ??} Qb4 28. Qe2 Qa5 29. a3 b4 30. Nc6 Qb6 31. Nxb4 e5 32.
Nd5 Qe6 33. Rc6 $1 Qf7 34. Rxh6 gxh6 35. Qxa6 $18 Kg7 36. Qe2 Rc8 37. Nb4 Qb7
38. Qf3 Qf7 39. g4 Ng5 40. Qxf5 Qxf5 41. gxf5 Nf3+ 42. Kg2 Nh4+ 43. Kf1 Kf6 44.
Nd5+ Kg5 45. f6 e4 46. Nc3 Kxf6 47. Nxe4+ Ke5 48. Nc3 1-0

[Event "ESP-chT"]
[Site "Barcelona"]
[Date "2000.08.11"]
[Round "7"]
[White "Garcia Ilundain, David"]
[Black "Topalov, Veselin"]
[Result "1/2-1/2"]
[WhiteElo "2490"]
[BlackElo "2707"]
[PlyCount "75"]
[EventDate "2000.08.05"]
[EventType "team"]
[EventRounds "9"]
[EventCountry "ESP"]
[SourceTitle "CBM 077 Extra"]
[Source "ChessBase"]
[SourceDate "2000.09.14"]
[SourceVersion "1"]
[SourceVersionDate "2000.09.14"]
[SourceQuality "1"]

1. d4 Nf6 2. Nf3 c5 3. c3 b6 4. Bg5 Bb7 5. Nbd2 e6 6. e4 h6 7. Bxf6 Qxf6 8. Bd3
cxd4 9. cxd4 Nc6 10. e5 Qd8 11. a3 Ne7 12. Qe2 Nd5 13. g3 Be7 14. h4 Rc8 15. h5
Qc7 16. O-O O-O 17. Rae1 f5 18. exf6 Nxf6 19. Ne5 Qd6 20. Ng6 Rfe8 21. Qe5 Qd5
22. Nxe7+ Rxe7 23. Qxd5 Bxd5 24. Bg6 d6 25. Rc1 Rec7 26. Rxc7 Rxc7 27. f3 b5
28. Ne4 Rc6 29. Nc3 Bc4 30. Rc1 Kf8 31. Kf2 Ke7 32. Ke3 Rb6 33. g4 a5 34. Bd3
Kd7 35. b3 Bxd3 36. Kxd3 Rb8 37. b4 a4 38. Rg1 1/2-1/2

[Event "Villarrobledo op 18th"]
[Site "Villarrobledo"]
[Date "2000.08.19"]
[Round "2"]
[White "Topalov, Veselin"]
[Black "Gonzalez, Argentino Jorge"]
[Result "1-0"]
[WhiteElo "2707"]
[BlackElo "2150"]
[PlyCount "55"]
[EventDate "2000.08.19"]
[EventType "swiss (rapid)"]
[EventRounds "9"]
[EventCountry "ESP"]
[SourceTitle "EXT 2001"]
[Source "ChessBase"]
[SourceDate "2000.11.22"]
[SourceVersion "1"]
[SourceVersionDate "2000.11.22"]
[SourceQuality "1"]

1. c4 e6 2. Nc3 d5 3. d4 Nf6 4. cxd5 exd5 5. Bg5 Be7 6. e3 O-O 7. Bd3 c6 8.
Nge2 Nbd7 9. Qc2 Re8 10. O-O-O Nf8 11. h3 Ne4 12. Bxe7 Qxe7 13. Bxe4 dxe4 14.
g4 f5 15. Rdg1 Be6 16. gxf5 Bxf5 17. Ng3 Bg6 18. h4 h6 19. Nge2 Bh5 20. Nf4 Bf3
21. Rh3 Qd7 22. Rhg3 Re7 23. Nb1 Qe8 24. Nd2 Qf7 25. Kb1 Qf6 26. Nxf3 exf3 27.
Nh5 Qxh4 28. Nxg7 1-0

[Event "Villarrobledo op 18th"]
[Site "Villarrobledo"]
[Date "2000.08.19"]
[Round "5"]
[White "Roa Alonso, Santiago"]
[Black "Topalov, Veselin"]
[Result "0-1"]
[WhiteElo "2358"]
[BlackElo "2707"]
[PlyCount "72"]
[EventDate "2000.08.19"]
[EventType "swiss (rapid)"]
[EventRounds "9"]
[EventCountry "ESP"]
[SourceTitle "EXT 2001"]
[Source "ChessBase"]
[SourceDate "2000.11.22"]
[SourceVersion "1"]
[SourceVersionDate "2000.11.22"]
[SourceQuality "1"]

1. d4 Nf6 2. c4 e6 3. Nf3 c5 4. d5 d6 5. Nc3 exd5 6. cxd5 g6 7. e4 a6 8. a4 Bg4
9. Be2 Bxf3 10. Bxf3 Bg7 11. O-O O-O 12. Bf4 Qe7 13. Qb3 Nbd7 14. a5 Rab8 15.
Na4 h5 16. Nb6 Ne8 17. Nxd7 Qxd7 18. Rfe1 Nc7 19. Be2 Rfe8 20. Bc4 Nb5 21. Bxb5
axb5 22. Qg3 Ra8 23. Re2 b4 24. h3 Ra6 25. Rae1 c4 26. Kh2 Rxa5 27. Bc1 c3 28.
f4 Ra1 29. e5 dxe5 30. fxe5 cxb2 31. e6 fxe6 32. dxe6 Rxe6 33. Bxb2 Rxe1 34.
Rxe1 Bxb2 35. Qb3 Qd6+ 36. Kh1 Be5 0-1

[Event "Villarrobledo op 18th"]
[Site "Villarrobledo"]
[Date "2000.08.20"]
[Round "8"]
[White "Topalov, Veselin"]
[Black "Komljenovic, Davorin"]
[Result "1-0"]
[WhiteElo "2707"]
[BlackElo "2514"]
[PlyCount "64"]
[EventDate "2000.08.19"]
[EventType "swiss (rapid)"]
[EventRounds "9"]
[EventCountry "ESP"]
[SourceTitle "EXT 2001"]
[Source "ChessBase"]
[SourceDate "2000.11.22"]
[SourceVersion "1"]
[SourceVersionDate "2000.11.22"]
[SourceQuality "1"]

1. Nf3 d5 2. d4 Nf6 3. c4 c6 4. Nc3 e6 5. Bg5 h6 6. Bh4 dxc4 7. e4 g5 8. Bg3 b5
9. Be2 Bb7 10. Ne5 Nbd7 11. Qc2 Bg7 12. Rd1 Nxe5 13. Bxe5 Qa5 14. O-O O-O 15.
f4 Nh7 16. Bxg7 Kxg7 17. fxg5 hxg5 18. e5 c5 19. d5 exd5 20. Nxd5 Bxd5 21. Rxd5
Rad8 22. Rd6 Rxd6 23. exd6 Qb6 24. Qc3+ Kg8 25. Qe5 Rd8 26. Bh5 f6 27. Rxf6
Nxf6 28. Qxg5+ Kh7 29. Qg6+ Kh8 30. Qxf6+ Kh7 31. Bg6+ Kh6 32. Bf5+ Kh5 1-0

[Event "Villarrobledo op 18th"]
[Site "Villarrobledo"]
[Date "2000.08.20"]
[Round "9"]
[White "Hamdouchi, Hicham"]
[Black "Topalov, Veselin"]
[Result "1/2-1/2"]
[WhiteElo "2541"]
[BlackElo "2707"]
[PlyCount "42"]
[EventDate "2000.08.19"]
[EventType "swiss (rapid)"]
[EventRounds "9"]
[EventCountry "ESP"]
[SourceTitle "EXT 2001"]
[Source "ChessBase"]
[SourceDate "2000.11.22"]
[SourceVersion "1"]
[SourceVersionDate "2000.11.22"]
[SourceQuality "1"]

1. e4 c5 2. Nf3 d6 3. c3 Nf6 4. Be2 Bd7 5. Qc2 Qc7 6. O-O g6 7. d4 cxd4 8. Nxd4
Bg7 9. Be3 O-O 10. c4 Ng4 11. Bxg4 Bxg4 12. Nb5 Qa5 13. N1c3 Nc6 14. Nd5 Rfc8
15. Bd2 Qd8 16. Bc3 a6 17. Bxg7 Kxg7 18. Qc3+ e5 19. Na3 Nd4 20. Kh1 b5 21. b3
Be6 1/2-1/2

[Event "Albacete m"]
[Site "Albacete"]
[Date "2000.09.06"]
[Round "2"]
[White "Topalov, Veselin"]
[Black "Herraiz Hidalgo, Herminio"]
[Result "0-1"]
[WhiteElo "2707"]
[BlackElo "2415"]
[Annotator "Cifuentes Parada,L"]
[PlyCount "96"]
[EventDate "2000.09.05"]
[EventType "match"]
[EventRounds "4"]
[EventCountry "ESP"]
[SourceTitle "CBM 080"]
[Source "ChessBase"]
[SourceDate "2001.01.25"]
[SourceVersion "1"]
[SourceVersionDate "2001.01.25"]
[SourceQuality "1"]

1. d4 Nf6 2. c4 g6 3. Nc3 Bg7 4. e4 d6 5. Nf3 O-O 6. Be2 e5 7. O-O Na6 8. Be3
Ng4 9. Bg5 Qe8 10. dxe5 dxe5 11. h3 (11. Nd2) 11... h6 (11... f6 12. Bd2 (12.
hxg4 $6 fxg5 13. Nxg5 Qe7 $44) 12... Nh6 13. c5 $5 c6 14. Bxa6 $1 bxa6 15. Bxh6
Bxh6 16. Qa4 Rf7 17. Rfd1 (17. Rad1 $5 Bf8 18. b4 Rb8 19. a3 Qe6 20. Rd3 Rd7
21. Rxd7 Qxd7 22. Rd1 Qc7 23. Nd2 a5 24. Nc4 axb4 25. axb4 $14) 17... Bf8 18.
Qa5 (18. b4 {see plan 17.Rad1}) 18... Qe7 19. Rd8 Qc7 20. Qxc7 Rxc7 21. Rad1
Kf7 22. Na4 Be7 23. R8d3 Be6 24. b3 Rcc8 25. Kf1 Rd8 26. Ke2 Rxd3 27. Rxd3 Rd8
28. Rc3 Bc8 29. Nb2 a5 30. Nd2 Ba6+ 31. Kd1 Rd4 32. Kc2 Ke6 33. Nbc4 a4 34.
bxa4 Bxc4 35. Rxc4 Rxc4+ 36. Nxc4 Bxc5 37. f3 Kd7 38. Kd3 Bf2 39. Na5 Bb6 40.
Nb3 Kd6 41. Kc4 Bf2 42. Nc1 Be3 43. Nd3 {1/2-1/2 Van Wely,L-Comas Fabrego,L/
Escaldes 1998/CBM 68 (43)}) (11... Nf6 12. Be3) 12. Bd2 Nf6 13. Be3 Qe7 (13...
Nd7 14. a3 f5 $6 15. b4 f4 16. Bc1 c6 17. c5 Kh7 18. Bb2 $5 Nc7 19. Nb1 Qe7 20.
Nbd2 Rd8 21. Qc2 Ne6 22. Rfd1 Nd4 23. Nxd4 exd4 24. Nf3 Ne5 25. Nxd4 $16 Qg5
26. Kf1 Bxh3 27. gxh3 Qh4 28. Qb3 f3 29. Bxf3 Rf8 30. Kg1 Rad8 31. Bg2 Rxf2 32.
Rf1 Rxb2 33. Qxb2 Rxd4 34. Qf2 Qd8 35. Qe2 Rd2 36. Rad1 Qd4+ 37. Kh1 Rxe2 38.
Rxd4 Ra2 39. Rd8 Rxa3 40. Rb8 a5 41. b5 cxb5 42. Rxb7 b4 43. c6 Rc3 44. c7 b3
45. Rf8 b2 46. c8=Q Rxc8 47. Rxc8 Nd3 48. Rcc7 Nb4 49. Rxg7+ Kh8 50. Rgf7 {
1-0 Van Wely,L-Sepp,O/Manila 1992/TD (50)}) (13... Nh5 14. Re1 $5 (14. c5 Nf4
15. Bb5 Qe6 16. Re1 Kh8 $1 17. Bf1 g5 $1 18. a3 Qg6 19. Kh2 h5 $36 {
Dokhoian-Kovalev/Neu Isenburg/1992/}) 14... Nf4 (14... Be6 15. a3 c6 16. b4 f6
$6 17. Qc1 $1 Kh7 18. Nh4 Nf4 19. Bxf4 exf4 20. Bd3 Rd8 21. Qc2 $14 Qf7 22. c5
Nb8 23. Ne2 Nd7 24. Nxf4 Bb3 25. Qb1 Ne5 26. Nhxg6 $1 Nxg6 27. e5 Rxd3 28. e6
Bxe6 29. Qxd3 Bc8 30. Re7 $1 Qxe7 31. Nxg6 Rd8 32. Nxe7+ Rxd3 33. Nxc8 f5 34.
Re1 Bd4 35. Nd6 f4 36. Nxb7 Rxa3 37. Nd8 Ra2 38. Rf1 Ra6 39. Rd1 Bc3 40. b5
cxb5 41. c6 Ra4 42. Rd7+ Kg6 43. c7 Rc4 44. Rd6+ {1-0 Van Wely,L-Morozevich,A/
Hyeres 1992/TD (44)}) 15. Bf1 Ne6 (15... c6 16. Qc1 $1 g5 17. a3 $16) 16. Qd2
Kh7 17. Rad1 b6 18. a3 Bb7 19. b4 Rd8 20. Qc2 c5 21. Nd5 Nd4 22. Nxd4 cxd4 23.
Bd2 Rc8 24. Qb3 Qd7 25. Qg3 f6 26. f4 Nc7 27. Bd3 Ne8 28. Rf1 Nd6 29. fxe5 fxe5
30. c5 Bxd5 31. exd5 e4 32. Rxf8 Bxf8 33. cxd6 exd3 34. Qxd3 Bg7 35. Bf4 Qf7
36. Qe4 Re8 37. Qf3 Rf8 38. Rf1 Qd7 39. Qe4 Re8 40. Qd3 Rf8 41. Bg3 Re8 42. Rf3
h5 43. Qc4 Rc8 44. Qf1 Kg8 45. Qe2 h4 46. Bxh4 Qxd6 47. Qe6+ Qxe6 48. dxe6 Rc6
49. e7 Re6 50. b5 Bh6 51. Kf1 d3 52. Rxd3 Kf7 53. Rf3+ Ke8 54. Rf6 Re4 55. g4 {
1-0 Van Wely,L-Cramling,P/Horgen 1995/CBM 50 (55)}) (13... c6 14. c5 (14. Qd6
$5 Qd7 15. Qa3 Re8 16. c5 Qe7 17. b4 Nc7 18. Qb2 Nh5 19. Rfe1 Nf4 20. Bf1 Be6
21. Rad1 Rad8 22. Kh2 $14) 14... Nh5 15. Re1 Nf4 16. Bf1 Be6 17. Qa4 Nc7 18.
Rad1 $14 {Halasz,T-Nielsen,P/Aarhuis 1990}) 14. Nd5 (14. a3 $5 c6 15. b4 Nh5
16. Re1 Nf4 (16... Rd8 17. Qc1 Kh7 18. Ra2 Nc7 19. Rd2 Re8 20. Bf1 Ne6 21. Qd1
Ng5 22. Nxg5+ hxg5 23. Be2 Nf4 24. Bg4 Ne6 $11 {1/2-1/2 Iskusnyh,S-Svidler,P/
Maikop 1998/CBM 66 (31)}) 17. Bf1 (17. Bxf4 exf4 18. e5 Bf5 19. c5 Nc7 20. Bc4
Rad8 21. Qc1 Ne6 22. Ne4 (22. Bxe6 Qxe6 (22... fxe6 23. Qxf4 Bxh3 24. Qg3 Bf5
25. Rad1) 23. Qxf4 f6 24. exf6 Qxf6 25. Re3 Rd3 26. Rxd3 Bxd3 27. Qxf6 Bxf6 28.
Rd1 $14) 22... Bxe4 23. Rxe4 Ng5 24. Nxg5 Qxg5 25. Qe1 Rfe8 26. e6 Kh7 27. Rd1
Rxd1 28. Qxd1 fxe6 29. Rxe6 Rxe6 30. Bxe6 Qe5 31. Bc8 b6 32. cxb6 axb6 33. Qc1
{1/2-1/2 Van Wely,L-Gallagher,J/Biel SUI 2000}) 17... Qf6 18. Ra2 $1 Re8 19.
Rd2 Nc7 20. Kh2 $1 (20. Rd6 Nfe6 21. Qc1 g5 22. Red1 Bf8 23. c5 Qg7 24. Ne2 Nf4
25. Ng3 Be6 26. R6d2 g4 27. Nh4 gxh3 28. Ngf5 Bxf5 29. Nxf5 Qg6 $13 30. g3 Nce6
31. f3 Ng5 32. Rf2 Rad8 33. Rxd8 Rxd8 34. Bxf4 exf4 35. Qxf4 b6 36. cxb6 axb6
37. Kh2 Ra8 38. Qe3 c5 39. Qb3 cxb4 40. axb4 b5 41. Qe3 {1/2-1/2 Giorgadze,
G-Movsziszian,K/Cala Galdana ESP 1999 (41)}) 20... g5 21. g3 Ng6 22. c5 $14 {
Topalov,V-Movsesian,S/Sarajevo 2000}) 14... Qd8 (14... Nxd5 $6 15. cxd5 $14 {
x c7}) 15. Qc2 $1 c6 (15... Nd7) 16. Nxf6+ Qxf6 17. c5 (17. Rfd1 $5) 17... Nc7
18. Rad1 Be6 19. Qc1 $1 (19. Rd6 $5 Rfd8 (19... Ne8 20. Rd2) 20. Rfd1 Ne8 21.
R6d2 Kh7 $14 (21... Rxd2 22. Qxd2 $1 Bxa2 $6 (22... Kh7 23. Ng5+ $1) 23. Bxh6
$16)) 19... g5 $8 (19... Kh7 20. Ng5+ $1) 20. Bc4 Qg6 (20... Bxh3 $6 21. Nxg5
Bxg2 22. Rd6 $1 (22. Kxg2 hxg5 23. Rd7 Ne6 24. Rxb7 Qg6 25. f3 g4 $132) 22...
Bxf1 23. Rxf6 Bxc4 24. Rd6 Bxa2 25. Nf3 Ne8 26. Rxh6 $1 (26. Bxh6 Nxd6 27. Bxg7
Kxg7 28. Qg5+ Kh7 29. Qh5+ Kg7 30. cxd6 $13) 26... Bxh6 27. Bxh6 f6 28. Bxf8
Kxf8 29. b3 Bxb3 30. Qb1 Be6 31. Qxb7 $16) 21. Bxe6 Nxe6 22. Qc4 Rfd8 23. Rd6
$6 (23. Rfe1 $142 $1 $14 {Topalov,V}) 23... Rxd6 24. cxd6 Rd8 25. Bxa7 (25. Rd1
Nd4 $1) (25. Qb4 b6) 25... Rxd6 26. a4 (26. Bb8 Rd8 27. Bxe5 Bxe5 28. Nxe5 Qg7
$1 29. Qc3 Rd4 30. Ng4 h5 31. Ne3 Rxe4 32. Qa3 Qf8 $11) 26... Nd4 $2 (26... g4
$1 27. hxg4 (27. Nh4 Qg5 28. Nf5 gxh3 29. g3 Qh5 $1) 27... Qxg4 28. Nh2 Qg6 29.
Be3 Nd4 30. f3 b5 31. axb5 cxb5 $36) 27. Bxd4 $1 exd4 28. Qd3 Qe6 29. Nd2 Rd8
30. a5 Re8 31. Ra1 Qe5 32. g3 Qb5 33. Nc4 Rf8 34. Ra3 Qb4 35. Kg2 $14 Re8 36.
Rb3 Qe7 37. Rb6 Ra8 38. Kg1 Qc7 39. Qb3 Ra7 40. Kg2 Qe7 41. Qf3 Qe6 42. Qd3 Qe7
43. b4 Qd7 44. Ne3 Be5 45. Ng4 (45. Nf5 Bc7 46. Nxh6+ Kh7 47. Ng4 Kg7) 45...
Bg7 46. b5 cxb5 47. Rxh6 $2 (47. Qxb5 $1 Qxb5 (47... Qe7 $2 48. Nxh6+ $1 Bxh6
49. Rxh6 Qxe4+ 50. Kh2 $18) 48. Rxb5 Kh7 (48... Kf8 49. Kf3 Ke7 50. Ke2 Kd6 51.
Kd3 Kc6 52. Kc4 Ra6 53. Rf5 $16) 49. f4 gxf4 50. gxf4 d3 51. Rd5 d2 52. Rxd2
Rxa5 53. Rd7 $14) 47... Rxa5 48. e5 $2 (48. Rb6) (48. Rb6 $8 Qc7 49. Rxb5 Rxb5
50. Qxb5 Qc6 51. Qxc6 (51. Qxg5 Qxe4+ 52. Kh2 Qc6) 51... bxc6 52. e5 c5 53. Kf3
c4 54. Ke4 c3 55. Kd3 Kh7 56. f4 Kg6 57. Nf2 gxf4 58. gxf4 Kf5 59. Kxd4 Kxf4
$11) 48... Qd5+ (48... Qd5+ 49. Kh2 Ra1 $19) 0-1

[Event "Albacete m"]
[Site "Albacete"]
[Date "2000.09.07"]
[Round "3"]
[White "Herraiz Hidalgo, Herminio"]
[Black "Topalov, Veselin"]
[Result "1/2-1/2"]
[WhiteElo "2415"]
[BlackElo "2707"]
[PlyCount "81"]
[EventDate "2000.09.05"]
[EventType "match"]
[EventRounds "4"]
[EventCountry "ESP"]
[SourceTitle "CBM 080"]
[Source "ChessBase"]
[SourceDate "2001.01.25"]
[SourceVersion "1"]
[SourceVersionDate "2001.01.25"]
[SourceQuality "1"]

1. Nf3 Nf6 2. c4 b6 3. g3 c5 4. Bg2 Bb7 5. Nc3 g6 6. O-O Bg7 7. d4 cxd4 8. Qxd4
d6 9. Rd1 Nbd7 10. b3 a6 11. Bb2 O-O 12. Ne1 Ne4 13. Qe3 Nxc3 14. Bxc3 Bxg2 15.
Bxg7 Kxg7 16. Kxg2 Nf6 17. Nd3 Qc7 18. Rac1 Rfd8 19. f3 Qb7 20. Qd4 Rac8 21. e4
b5 22. Rd2 bxc4 23. bxc4 Rb8 24. Rb2 Qc6 25. Rb3 Kg8 26. Kf2 Nd7 27. Rc2 e6 28.
Ke2 Rbc8 29. Ra3 Nc5 30. Rd2 e5 31. Qd5 Ne6 32. Qxc6 Rxc6 33. c5 Nd4+ 34. Kf2
f6 35. cxd6 Nb5 36. Nb4 Rc4 37. Rb3 Nd4 38. Rbb2 Rxd6 39. Nc2 h5 40. Nxd4 Rdxd4
41. Rxd4 1/2-1/2